| 000 | 01662nam a2200229Ia 4500 | ||
|---|---|---|---|
| 003 | Ost | ||
| 005 | 20260507075638.0 | ||
| 008 | 260507s9999||||xx |||||||||||||| ||und|| | ||
| 020 | _a9881012452 | ||
| 040 | _cfsecg | ||
| 041 | _aara | ||
| 082 | _a338.514 | ||
| 100 |
_aحميد، صلاح الدين _eمؤلف |
||
| 245 | 0 |
_aدراسة الجدوى : _bكيف تعدها بنفسك؟ / _c صلاح الدين حميد |
|
| 260 |
_aالقاهرة: _bدار الفكر العربي, _c2000 |
||
| 300 |
_a135 صفحة؛ _bإيضاحات ؛ _c24 سم |
||
| 520 | _aيتناول هذا الكتاب الجوانب المالية لدراسة الجدوى والتي تتلخص في اعداد قوائم بالتكاليف الإستثمارية للمشروع ثم حسب رأس مال العامل وحساب التكاليف التنفيذية الجارية اللزمة لتشغيل المشروع ثم حساب رأس المال العام الإهلاكات والقيمة المتبقية في نهاية العمر الإقتصادي للمشروع -الإيرادات الجاريةللمشروع -حساب متوسطات الأرباح للمشروع -اعداد بيان يوضح التدفقات النقدية للمشروع -تقيم دراسة الجدوى المالية للمشروع -التحليل المالي لدراسة الجدوى المالية -ثم تأتي خلاصة الدراسة والتي تشمل ملخصا كاملا عن المشروع وما أسفرت عنه الدراسة - | ||
| 653 | _aالتكاليف | ||
| 653 | _aالمشروعات | ||
| 653 | _aدراسات الجدوى | ||
| 942 | _cكتاب | ||
| 999 |
_c45347 _d45347 |
||